Стихотворения и поэмы / (Record no. 63328)
[ view plain ]
| 000 -LEADER | |
|---|---|
| fixed length control field | 01334nam a2200253 u 4500 |
| 001 - CONTROL NUMBER | |
| control field | 000183494 |
| 003 - CONTROL NUMBER IDENTIFIER | |
| control field | AM-YEHGA |
| 005 - DATE AND TIME OF LATEST TRANSACTION | |
| control field | 20250618071402.0 |
| 008 - FIXED-LENGTH DATA ELEMENTS--GENERAL INFORMATION | |
| fixed length control field | 030329s1973 ru ||| |||||||||||||rus|d |
| 040 ## - CATALOGING SOURCE | |
| Original cataloging agency | AM-YeHGA |
| 041 1# - LANGUAGE CODE | |
| Language code of text/sound track or separate title | rus |
| Language code of original | arm |
| 090 ## - LOCALLY ASSIGNED LC-TYPE CALL NUMBER (OCLC); LOCAL CALL NUMBER (RLIN) | |
| -- | 64419 |
| 100 1# - MAIN ENTRY--PERSONAL NAME | |
| Personal name | Չարենց, Եղիշե Աբգարի, |
| Dates associated with a name | 1897-1937 |
| 9 (RLIN) | 1327 |
| 245 10 - TITLE STATEMENT | |
| Title | Стихотворения и поэмы / |
| Statement of responsibility, etc. | Егише Чаренц ; Сост. А.Н.Салахяна ; Вступ. ст. А.Н.Салахяна и Э.С.Топчяна. ; Ред. стихотворных пер. С.В.Шервинского. ; Общ. ред. и примеч. Г.А.Татосяна. |
| 260 ## - PUBLICATION, DISTRIBUTION, ETC. | |
| Place of publication, distribution, etc. | Ленинград : |
| Name of publisher, distributor, etc. | Сов. писатель. Ленингр. отд-ние, |
| Date of publication, distribution, etc. | 1973. |
| 300 ## - PHYSICAL DESCRIPTION | |
| Extent | 525 с. ; |
| Dimensions | 20 см. |
| 440 #0 - SERIES STATEMENT/ADDED ENTRY--TITLE | |
| Title | Библиотека поэта (2-е изд.). |
| Name of part/section of a work | Большая серия |
| 650 14 - SUBJECT ADDED ENTRY--TOPICAL TERM | |
| Topical term or geographic name entry element | Армянская литература |
| General subdivision | Поэзия |
| 700 1# - ADDED ENTRY--PERSONAL NAME | |
| Personal name | Սալախյան, Հակոբ Նշանի, |
| Dates associated with a name | 1922-1969 |
| Relator term | авт. вступ. ст. |
| Relationship | aui |
| 9 (RLIN) | 2776 |
| 700 1# - ADDED ENTRY--PERSONAL NAME | |
| Personal name | Թոփչյան, Էդուարդ Ստեփանի, |
| Dates associated with a name | 1911-1975 |
| Relator term | авт. вступ. ст. |
| Relationship | aui |
| 9 (RLIN) | 1090 |
| 700 1# - ADDED ENTRY--PERSONAL NAME | |
| Personal name | Թաթոսյան, Գևորգ Ալեքսանդրի, |
| Dates associated with a name | 1922- |
| Relator term | ред. |
| Relationship | edt |
| 9 (RLIN) | 1145 |
| 700 1# - ADDED ENTRY--PERSONAL NAME | |
| Personal name | Шервинский, С. |
| Relator term | ред. |
| Relationship | edt |
| 942 ## - ADDED ENTRY ELEMENTS (KOHA) | |
| Source of classification or shelving scheme | Universal Decimal Classification |
| Koha item type | Գրքեր / Books |
| Withdrawn status | Lost status | Source of classification or shelving scheme | Damaged status | Not for loan | Collection | Home library | Current library | Date acquired | Total checkouts | Full call number | Barcode | Date last seen | Price effective from | Koha item type | Public note |
|---|---|---|---|---|---|---|---|---|---|---|---|---|---|---|---|
| Universal Decimal Classification | General | Fundamental Scientific Library | Fundamental Scientific Library | 22/12/2016 | PII/317802 | FL0229290 | 22/12/2016 | 22/12/2016 | Գրքեր / Books | 30 Days Loan | |||||
| Universal Decimal Classification | General | Fundamental Scientific Library | Fundamental Scientific Library | 22/12/2016 | PII/484646 | FL0270320 | 22/12/2016 | 22/12/2016 | Գրքեր / Books | 30 Days Loan | |||||
| Gagik Sargsyan Individual Collection | Fundamental Scientific Library | Fundamental Scientific Library | 12/01/2022 | ГСарг/273 | FL0668945 | 12/01/2022 | 12/01/2022 | Գրքեր / Books | ILL Non-Circ. |
ՀՀ Գիտությունների ազգային ակադեմիայի հիմնարար գիտական գրադարան = Fundamental Scientific Library of NAS RA
All site content, except where otherwise noted, is licensed under a